Culture Générale par Ordre Alphabétique - Statistiques

Statistiques générales
  • Ce quiz a été pris 191 fois
  • Le résultat moyen est 17 sur 26
Statistiques - réponses
Lettres Indices Réponses % Correct
A Groupe de rock suédois possédant un nom palindromique ABBA
92%
B Sport des Mets de New-York Baseball
88%
T "Je t'aime" en Italien Ti amo
87%
X Nouveau nom de l'application dont Elon Musk est devenu le nouveau propriétaire X
86%
U Instrument de musique traditionnel Hawaïen. Ukulélé
85%
Q Synonyme d'une dispute Une querelle
85%
Y Seul pays ayant cette première lettre. Yémen
85%
O Boisson fruité ou groupe de rock Oasis
84%
P Fruit acide ressemblant à une grosse orange Pamplemousse
82%
S Capitale de Singapour Singapour
82%
N Sa capitale est Katmandou Népal
80%
V Bateau propulsé par la force du vent Un Voilier
79%
Z "Zn" en chimie Zinc
73%
G Console Nintendo sortie en Europe en 1990 Gameboy
72%
I Département du Sud-Est de la France Isère
68%
K Animal austral de Nouvelle-Zélande, de la taille d'une poule Kiwi
67%
H Écrivain du recueil de poèmes "Les Contemplations" Victor Hugo
59%
R 32ème Président des États-Unis Franklin D. Roosevelt
57%
F Brad Pitt et Edward Norton ont un rôle dans ce film Fight Club
53%
J Youtubeur spécialisé dans le rétro gaming Le Joueur Du Grenier
51%
M Nom de Minerva dans Harry Potter McGonagall
48%
C Série de films dictée par les Waren The Conjuring
37%
E S'est fait connaître grâce à son titre "Ocean Eyes" Billie Eilish
32%
L Philosophe chinois du milieu du Vème siècle avant J.-C., fondateur du taoïsme Lao-Tseu
31%
W Enseigne française de magasin de bricolage Weldom
24%
D Jeux vidéo développés par Blizzard North où le joueur explore des donjons. Diablo
20%
Aucun quiz correspondant
Distribution des résultats
% des personnes avec chaque résultat
Percentile par nombre de réponses
Votre historique - résultats
Vous n’avez pas pris ce quiz